| 000 | 01306pam a2200385 i 4500 | ||
|---|---|---|---|
| 999 |
_c849 _d849 |
||
| 001 | 017653034 | ||
| 003 | Uk | ||
| 005 | 20191223141936.0 | ||
| 008 | 151014s2016 enka j 001|0|eng|d | ||
| 015 |
_aGBB5H4761 _2bnb |
||
| 016 | 7 |
_a017653034 _2Uk |
|
| 020 | _a9781407163864 (pbk.) : | ||
| 040 |
_aStDuBDS _beng _cStDuBDS _dUk _erda |
||
| 042 | _aukblcatcopy | ||
| 082 | 0 | 4 |
_a948 DEA _223 |
| 100 | 1 |
_aDeary, Terry, _eauthor. |
|
| 245 | 1 | 0 |
_aVicious Vikings / _cTerry Deary ; illustrated by Martin Brown. |
| 264 | 1 |
_aLondon : _bScholastic, _c2016. |
|
| 300 |
_a141 pages : _billustrations (black and white) ; _c20 cm. |
||
| 336 |
_atext _2rdacontent |
||
| 336 |
_astill image _2rdacontent |
||
| 337 |
_aunmediated _2rdamedia |
||
| 338 |
_avolume _2rdacarrier |
||
| 490 | 0 | _aHorrible histories | |
| 500 | _aOriginally published: 1994. | ||
| 500 | _a"It's got the axe-factor!"--Front cover. | ||
| 500 | _aIncludes index. | ||
| 500 |
_aFormerly CIP. _5Uk |
||
| 650 | 0 |
_aVikings _xHistory _vJuvenile literature. |
|
| 650 | 0 |
_aVikings _zGreat Britain _vJuvenile literature. |
|
| 651 | 0 |
_aScandinavia _xHistory _yTo 1397 _vJuvenile literature. |
|
| 651 | 0 |
_aGreat Britain _xHistory _yAnglo-Saxon period, 449-1066 _vJuvenile literature. |
|
| 700 | 1 |
_aBrown, Martin, _d1959- _eillustrator. |
|
| 942 |
_2ddc _cNFIC |
||